James Marriott - Something's Wrong Lyrics - Statistics

General Stats
  • This quiz has been taken 16 times
  • The average score is 358 of 364
Answer Stats
Answer % Correct
A
100%
a
100%
about
100%
addiction
100%
all
100%
alone
100%
and
100%
And
100%
As
100%
as
100%
asking
100%
at
100%
back
100%
be
100%
been
100%
better
100%
brand
100%
But
100%
but
100%
can
100%
Can
100%
could
100%
Could
100%
cry
100%
Off
100%
Do
100%
Does
100%
done
100%
don't
100%
easy
100%
end
100%
except
100%
face
100%
feel
100%
foot
100%
for
100%
forgetting
100%
get
100%
getting
100%
ghost
100%
give
100%
Give
100%
hand
100%
hard
100%
has
100%
have
100%
Hoping
100%
hurt
100%
I
100%
If
100%
if
100%
I'm
100%
in
100%
it
100%
it's
100%
I've
100%
know
100%
lie
100%
like
100%
love
100%
make
100%
Make
100%
me
100%
might
100%
mind
100%
mine
100%
moment
100%
move
100%
my
100%
name
100%
need
100%
never
100%
new
100%
nice
100%
not
100%
nothing
100%
now
100%
of
100%
off
100%
on
100%
out
100%
Praying
100%
pretty
100%
probably
100%
remember
100%
scared
100%
sense
100%
should
100%
Should
100%
sight
100%
slipped
100%
slowly
100%
something
100%
something's
100%
stepping
100%
stride
100%
take
100%
tell
100%
that
100%
the
100%
this
100%
throat
100%
through
100%
'til
100%
time
100%
to
100%
tonight
100%
try
100%
undeniable
100%
unforgettable
100%
until
100%
up
100%
used
100%
want
100%
we
100%
we're
100%
what
100%
when
100%
who
100%
why
100%
wrong
100%
you
100%
You
100%
you'll
100%
your
100%
You're
100%
you're
100%
doing
75%
front
75%
her
75%
how
75%
I'd
75%
is
75%
look
75%
most
75%
says
75%
She
75%
she's
75%
side
75%
speak
75%
whatever
75%
with
75%
early
50%
No matching quizzes found
Score Distribution
Percent of People with Each Score
Percentile by Number Answered
Your Score History
You have not taken this quiz